| 000 | 00617nam a22001457a 4500 | ||
|---|---|---|---|
| 020 | _a978-0-00-786135-4 | ||
| 082 |
_a823 _bWHY/L |
||
| 100 | _aWHYBROW, IAN | ||
| 245 | _aLITTLE WOLF'S BOOK OF BADNESS | ||
| 260 |
_aUK _bHARPER COLLINS CHILDRENS BOOK _c2009 |
||
| 300 | _a142 | ||
| 520 | _aThe story follows Little Wolf (Alexander Pownall), who is not bad enough for his family. So his Mum (Lucy Whybrow) and Dad (Richard Hope) send him on a journey to Cunning College to learn from his Uncle Bigbad how to be a true bad wolf. On his quest, he learns the 'Nine Rules of Badness. | ||
| 650 | _aSHORT STORY | ||
| 942 | _cBK | ||
| 999 |
_c6497 _d6497 |
||